| 000 | 00868nam a22002777a 4500 | ||
|---|---|---|---|
| 005 | 20220329141247.0 | ||
| 008 | 971010s1987 r 00010 d | ||
| 010 | _a65331 | ||
| 011 | _a66303 | ||
| 035 | _a74368 | ||
| 082 |
_a627 _bC7y |
||
| 110 |
_aCRANE. División de Ingeniería _928834 |
||
| 245 | _aFlujo de fluídos en válvula, accesorios y tuberías | ||
| 260 |
_aMéxico, D.F. : _bMcGraw-Hill, _c1987 |
||
| 300 | _ac.a. 210 p | ||
| 500 | _a1992-301 | ||
| 590 |
_aBATCH-UPD _b10 _c20130110 _lUCH01 _h0914 |
||
| 590 |
_aBATCH-UPD _b10 _c20130410 _lUCH01 _h0538 |
||
| 590 |
_aBATCH-UPD _b10 _c20130914 _lUCH01 _h1421 |
||
| 590 |
_aCONVERSION _b10 _c20130109 _lUCH01 _h1336 |
||
| 650 | 1 | 4 |
_aDinámica de fluídos. _932627 |
| 650 | 1 | 4 |
_aFluídos. _941896 |
| 650 | 1 | 4 |
_aHidráulica. _955219 |
| 901 | _aBK | ||
| 949 |
_a627 C7y _bI _cLIBRO _d-7234 _eLIBRO _h4062 _i74368 _si |
||
| 999 |
_c65331 _d65331 |
||